[Event "ch-Africa Women 2025"]
[Site "Kerdasa EGY"]
[Date "2025.05.13"]
[Round "1.1"]
[White "Wafa, Shrook"]
[Black "Ampaire, Shakira"]
[Result "1-0"]
[WhiteTitle "WGM"]
[BlackTitle "WCM"]
[WhiteElo "2189"]
[BlackElo "1784"]
[WhiteFideId "10609970"]
[BlackFideId "10002782"]
[EventDate "2025.05.13"]

1. e4 c5 2. Nc3 Nc6 3. f4 e5 4. fxe5 Nxe5 5. Nf3 d6 6. Bb5+ Bd7 7. Bxd7+ Qxd7 8.
O-O Nf6 9. d4 Nxf3+ 10. Rxf3 O-O-O 11. Bg5 Be7 12. Qe2 h6 13. Bh4 Rhf8 14. Raf1
Qg4 15. Bg3 Nh5 16. Qc4 Nxg3 17. Rxg3 Qe6 18. Nd5 Bg5 19. dxc5 Kb8 20. c6 Rc8
21. c7+ Rxc7 22. Qxc7+ Ka8 23. Nb6+ 1-0

[Event "ch-Africa Women 2025"]
[Site "Kerdasa EGY"]
[Date "2025.05.13"]
[Round "1.2"]
[White "Mahmoud Youssef, Noha"]
[Black "Wafa, Shahenda"]
[Result "0-1"]
[BlackTitle "WGM"]
[WhiteElo "1772"]
[BlackElo "2085"]
[WhiteFideId "10688820"]
[BlackFideId "10609962"]
[EventDate "2025.05.13"]

1. e4 c5 2. Nf3 d6 3. d4 cxd4 4. Nxd4 Nf6 5. Nc3 a6 6. Bg5 e6 7. f4 Be7 8. Qf3
Qc7 9. O-O-O Nbd7 10. g4 b5 11. Bxf6 Nxf6 12. g5 Nd7 13. f5 O-O 14. Rg1 b4 15.
Nce2 e5 16. Nb3 f6 17. gxf6 Nxf6 18. Ng3 a5 19. Kb1 a4 20. Nd2 Ba6 21. Bxa6 Rxa6
22. Qd3 Rc6 23. Ne2 Rd8 24. Rc1 d5 25. exd5 Nxd5 26. Qg3 Bf6 27. Ne4 a3 28. Rcd1
Rd7 29. Qb3 Qd8 30. c4 bxc3 31. N2xc3 Rb6 32. Qc2 0-1

[Event "ch-Africa Women 2025"]
[Site "Kerdasa EGY"]
[Date "2025.05.13"]
[Round "1.3"]
[White "February, Jesse Nikki"]
[Black "Rakotoniaina, Tiana Johanna"]
[Result "1-0"]
[WhiteTitle "WIM"]
[WhiteElo "2052"]
[BlackElo "1703"]
[WhiteFideId "14312336"]
[BlackFideId "13102630"]
[EventDate "2025.05.13"]

1. e4 c5 2. Nf3 Nc6 3. Bb5 d6 4. O-O g6 5. Re1 e5 6. c3 Bg7 7. a4 Ne7 8. Na3 a6
9. Bf1 O-O 10. Nc4 Be6 11. Ng5 Bxc4 12. Bxc4 Na5 13. Ba2 Nec6 14. d3 b5 15. Bd5
Bf6 16. Qg4 Kg7 17. Bxf7 Bxg5 18. Bxg5 Qc7 19. Bd5 Ra7 20. Qh4 Rf7 21. Qh6+ Kh8
22. Bxf7 Qxf7 23. Re3 Kg8 24. Rf3 Qe8 25. axb5 axb5 26. h4 b4 27. h5 gxh5 28.
Bf6 Qg6 29. Rg3 Qxg3 30. fxg3 Rf7 31. Qg5+ Kf8 32. Bd8 bxc3 33. bxc3 Nb3 34. Ra8
Rg7 35. Bf6+ 1-0

[Event "ch-Africa Women 2025"]
[Site "Kerdasa EGY"]
[Date "2025.05.13"]
[Round "1.4"]
[White "Fady, Heaven"]
[Black "Nassr, Lina"]
[Result "0-1"]
[BlackTitle "WIM"]
[WhiteElo "1685"]
[BlackElo "2029"]
[WhiteFideId "10691448"]
[BlackFideId "7908075"]
[EventDate "2025.05.13"]

1. d4 e6 2. Nf3 c5 3. c4 cxd4 4. Nxd4 Nf6 5. Nc3 a6 6. a3 d6 7. g3 Qc7 8. Qd3
Nbd7 9. b3 Ne5 10. Qd2 Bd7 11. Bg2 Nc6 12. O-O Rc8 13. Rd1 Na5 14. Rb1 Be7 15.
Qc2 d5 16. cxd5 e5 17. Nf5 Qxc3 18. Qxc3 Rxc3 19. Nxe7 Nxb3 20. Bb2 Rc2 21. d6
Nd2 22. Bxe5 Nxb1 23. Rxb1 b5 24. Kf1 h5 25. Bb7 h4 26. Bxa6 hxg3 27. Bxg3 Ne4
28. Kg2 Nxg3 29. hxg3 Rh5 30. a4 Rcc5 31. g4 Bxg4 32. Bxb5+ Bd7 33. Bxd7+ Kxd7
34. Rb7+ Kxd6 35. f4 Rc2 36. Kf3 Ra5 37. e4 g6 38. Nd5 f5 39. Rb6+ Kc5 40. Rb5+
Rxb5 41. axb5 Kd4 42. Nb4 fxe4+ 43. Kg3 Rc3+ 44. Kf2 Rf3+ 45. Ke2 Rxf4 46. b6
Rf7 47. Nc6+ Kc5 48. Nd8 Rd7 49. Ne6+ Kxb6 50. Ke3 Re7 51. Nf4 Kc5 52. Nxg6 Re8
53. Nf4 Kd6 54. Ne2 Ke5 55. Nd4 Rc8 56. Ne2 Ra8 57. Kf2 Rf8+ 58. Ke3 Rf3+ 59.
Kd2 Rd3+ 60. Ke1 e3 61. Nc1 Ra3 62. Kd1 Ke4 63. Ke2 Rc3 64. Kd1 Rxc1+ 65. Kxc1
Kf3 66. Kd1 Kf2 0-1

[Event "ch-Africa Women 2025"]
[Site "Kerdasa EGY"]
[Date "2025.05.13"]
[Round "1.5"]
[White "Bwalya Mulwale, Lubuuto"]
[Black "Rjeb, Nadine"]
[Result "1-0"]
[WhiteTitle "WCM"]
[WhiteElo "1954"]
[BlackElo "1658"]
[WhiteFideId "8706964"]
[BlackFideId "5539307"]
[EventDate "2025.05.13"]

1. d4 Nf6 2. c4 e6 3. Nf3 b6 4. Nc3 Bb7 5. a3 d5 6. e3 Nbd7 7. b4 c5 8. dxc5
bxc5 9. b5 dxc4 10. Bxc4 Nb6 11. Qe2 Be7 12. Bb2 O-O 13. Rd1 Qc7 14. Ba2 Rfd8
15. O-O Ng4 16. g3 Bf6 17. Nd2 Ne5 18. Nde4 Kh8 19. f4 Ned7 20. Nd6 Nf8 21. Nxb7
Qxb7 22. g4 Rd6 23. Rd2 Rxd2 24. Re1 Rd1 25. Rxd1 Rd8 26. Rxd8 Bxd8 27. Qd3 Qd7
28. Qxd7 Nfxd7 29. Ne4 Kg8 30. Kf2 Bf6 31. Nxf6+ Nxf6 32. Bxf6 gxf6 33. Ke2 Kf8
34. Kd3 Ke7 35. Bb3 Kd6 36. e4 c4+ 37. Bxc4 Kc5 38. Bb3 Kxb5 39. h4 Nd7 40. Kd4
a5 41. g5 fxg5 42. hxg5 a4 43. Bc2 Nc5 44. e5 Nb7 45. Bd3+ Kb6 46. Bxh7 Kb5 47.
Bd3+ Kb6 48. Kc4 Na5+ 49. Kb4 Nb3 50. Bh7 Na5 51. Bg8 Nc6+ 52. Kxa4 Nd8 53. Kb4
Nc6+ 54. Kc4 Nd8 55. a4 Ka5 56. Kc5 Kxa4 57. Kd6 Nb7+ 58. Ke7 Nc5 59. Bxf7 Nd3
60. g6 Nxf4 61. g7 Nd3 62. Kxe6 1-0

[Event "ch-Africa Women 2025"]
[Site "Kerdasa EGY"]
[Date "2025.05.13"]
[Round "1.6"]
[White "Fayez Emad, Meryam"]
[Black "Romany, Joy"]
[Result "0-1"]
[BlackTitle "WIM"]
[WhiteElo "1643"]
[BlackElo "1932"]
[WhiteFideId "54240476"]
[BlackFideId "10656820"]
[EventDate "2025.05.13"]

1. d4 Nf6 2. Bf4 d5 3. e3 c5 4. Nd2 Nc6 5. Ngf3 Qb6 6. dxc5 Qxc5 7. Rc1 Bg4 8.
c4 Rd8 9. Qb3 Bxf3 10. Nxf3 Qa5+ 11. Rc3 Rd7 12. a3 Ne4 13. cxd5 Nxc3 14. bxc3
Qxd5 15. Bc4 Qf5 16. g4 Qe4 17. Bxf7+ Kd8 18. Be6 Qxf3 19. Bxd7 Qxh1+ 20. Ke2
Kxd7 21. Qxb7+ Ke8 22. Qc8+ Nd8 23. Bc7 Qd5 24. f3 Qd7 25. Qb8 e6 26. a4 Bc5 27.
Bxd8 Qxd8 28. Qb5+ Qd7 29. Qxc5 Kf7 30. Qc4 Rd8 31. Kf2 Qd1 32. Qc7+ Kg8 33. Qe7
Qd2+ 34. Kg3 Qd6+ 35. Qxd6 Rxd6 0-1

[Event "ch-Africa Women 2025"]
[Site "Kerdasa EGY"]
[Date "2025.05.13"]
[Round "1.7"]
[White "Ayemou, Mazan Emmanuela Esther"]
[Black "Abdel-Rehim Ahmed, Retal"]
[Result "1-0"]
[WhiteTitle "WCM"]
[WhiteElo "1911"]
[BlackElo "1636"]
[WhiteFideId "20803036"]
[BlackFideId "54243998"]
[EventDate "2025.05.13"]

1. e4 c5 2. Nf3 d6 3. Bc4 Nf6 4. d3 e6 5. O-O Nc6 6. Bb5 Bd7 7. Bxc6 Bxc6 8. e5
Ng4 9. Re1 Bxf3 10. Qxf3 Nxe5 11. Qxb7 Be7 12. Bf4 Rb8 13. Qxa7 Rxb2 14. Bxe5
dxe5 15. Qa4+ Qd7 16. Qa8+ Bd8 17. Na3 O-O 18. Nc4 Rxc2 19. Nxe5 Qd4 20. Qf3 Qd5
21. Qxd5 exd5 22. Nd7 Bf6 23. Nxf6+ gxf6 24. Rec1 Rxc1+ 25. Rxc1 Rc8 26. Kf1 Kf8
27. Ke2 Ke7 28. Rb1 Kd6 29. f4 Re8+ 30. Kd2 Ke6 31. Rb5 Ra8 32. Rb2 Kf5 33. Ke3
c4 34. dxc4 dxc4 35. Kd4 Rc8 36. g3 Re8 37. Kxc4 Re1 38. a4 Ra1 39. Kb5 Kg4 40.
a5 h5 41. Kb6 h4 42. a6 hxg3 43. hxg3 Kxg3 44. Rb4 Kg4 45. a7 Kf5 46. Kb7 1-0

[Event "ch-Africa Women 2025"]
[Site "Kerdasa EGY"]
[Date "2025.05.13"]
[Round "1.8"]
[White "Bushaala, Maryam Mohamed"]
[Black "Mohamed Zaki, Jana"]
[Result "0-1"]
[WhiteElo "1607"]
[BlackElo "1891"]
[WhiteFideId "9221247"]
[BlackFideId "10683089"]
[EventDate "2025.05.13"]

1. e4 Nf6 2. e5 Nd5 3. c4 Nb6 4. d4 d6 5. Nf3 dxe5 6. Nxe5 c6 7. Nc3 N8d7 8.
Nxd7 Bxd7 9. c5 Nd5 10. Nxd5 cxd5 11. b4 a5 12. Bd2 axb4 13. Bxb4 e6 14. a4 b6
15. Bb5 bxc5 16. dxc5 Qh4 17. Bxd7+ Kxd7 18. Qb3 Qe4+ 19. Kf1 Rb8 20. c6+ Kc8
21. Qd1 0-1

[Event "ch-Africa Women 2025"]
[Site "Kerdasa EGY"]
[Date "2025.05.13"]
[Round "1.9"]
[White "Mongeli, Sasha"]
[Black "Andhin, Chethanah"]
[Result "1-0"]
[WhiteTitle "WFM"]
[BlackTitle "WCM"]
[WhiteElo "1886"]
[BlackElo "1585"]
[WhiteFideId "10809090"]
[BlackFideId "9700463"]
[EventDate "2025.05.13"]

1. d4 g6 2. c4 Bg7 3. Nc3 d6 4. g3 Nd7 5. Nf3 c5 6. Bg2 a6 7. O-O Nh6 8. e4 Qc7
9. b3 cxd4 10. Nxd4 Qc5 11. Be3 Ng4 12. Qxg4 Bxd4 13. Bxd4 Qxd4 14. Nd5 Nf6 15.
Qd1 Qxd1 16. Nxf6+ exf6 17. Raxd1 Ke7 18. Rd2 Rb8 19. Re1 b5 20. Rc1 Be6 21.
cxb5 axb5 22. Rc7+ Bd7 23. Bh3 Rhd8 24. Kf1 Rbc8 25. Rdc2 Rxc7 26. Rxc7 g5 27.
Ke2 h5 28. Bf5 Ke8 29. Bxd7+ Rxd7 30. Rxd7 Kxd7 31. Kd3 Kc6 32. Kd4 Kb6 33. Kd5
Kc7 34. a4 1-0

[Event "ch-Africa Women 2025"]
[Site "Kerdasa EGY"]
[Date "2025.05.13"]
[Round "1.10"]
[White "Tchouateu Tankeu Stephanie"]
[Black "Laubscher, Anzel"]
[Result "0-1"]
[WhiteTitle "WCM"]
[BlackTitle "WIM"]
[WhiteElo "1541"]
[BlackElo "1844"]
[WhiteFideId "16400470"]
[BlackFideId "14300800"]
[EventDate "2025.05.13"]

1. d4 Nf6 2. c4 e6 3. Nc3 d5 4. Bf4 c6 5. c5 Nbd7 6. Nf3 Be7 7. e3 Nh5 8. Ne5
Nxf4 9. exf4 O-O 10. Bd3 f5 11. O-O Nxe5 12. fxe5 b6 13. b4 bxc5 14. bxc5 Qa5
15. Na4 Rb8 16. Rb1 Rxb1 17. Bxb1 Ba6 18. Re1 Rb8 19. Bc2 Rb4 20. Nc3 Rc4 21.
Re3 Rxc3 22. Rxc3 Qxc3 23. Bb3 Bg5 24. g3 Bd2 25. Kg2 Qxd4 26. Qf3 Qxe5 27. Ba4
Bb5 28. Bxb5 cxb5 29. c6 Ba5 30. Qa3 Qc7 31. Qc1 Kf7 32. Qc5 0-1

[Event "ch-Africa Women 2025"]
[Site "Kerdasa EGY"]
[Date "2025.05.13"]
[Round "1.11"]
[White "El Barbry, Sarah"]
[Black "Abo Bkr Mohamed, Hamsa"]
[Result "1/2-1/2"]
[WhiteElo "1841"]
[BlackElo "1482"]
[WhiteFideId "26051419"]
[BlackFideId "10646736"]
[EventDate "2025.05.13"]

1. d4 c5 2. Nf3 e6 3. e3 Nf6 4. Be2 Nc6 5. O-O Be7 6. c4 d5 7. Nc3 O-O 8. a3
dxc4 9. Bxc4 cxd4 10. exd4 Qc7 11. Qe2 h6 12. Rd1 Rd8 13. Be3 a6 14. Rac1 b5 15.
Nxb5 axb5 16. Bxb5 Bb7 17. Bxc6 Bxc6 18. Ne5 Rd6 19. Rd2 Qb7 20. Rdc2 Bb5 21.
Qe1 Nd5 22. Qd2 Bf6 23. Bf4 Rdd8 24. Bg3 Rac8 25. Ng4 Rxc2 26. Rxc2 Rc8 27.
Nxf6+ Nxf6 28. Be5 Ne4 29. Qc1 Rxc2 30. Qxc2 f6 31. Bf4 Bc6 32. f3 Ng5 33. h4
Nf7 34. b4 Qb6 35. Kh1 Qa6 36. Qc3 Bd5 37. Kh2 Qc6 38. Qd3 Qc4 39. Qe3 Nd8 40.
Bd6 Qb3 41. Qc1 Qc4 42. Qe3 Kf7 43. h5 Nc6 44. Bc5 Ne7 45. Kg1 Nf5 46. Qf4 Kg8
47. Qb8+ 1/2-1/2

[Event "ch-Africa Women 2025"]
[Site "Kerdasa EGY"]
[Date "2025.05.13"]
[Round "1.12"]
[White "WEFANG Lucrece"]
[Black "Alaa, Dema"]
[Result "0-1"]
[WhiteElo "1408"]
[BlackElo "1828"]
[WhiteFideId "16401980"]
[BlackFideId "54205514"]
[EventDate "2025.05.13"]

1. d4 Nf6 2. c4 c5 3. Nf3 cxd4 4. Nxd4 e5 5. Nf3 Nc6 6. g3 d6 7. Bg2 Be6 8. b3
Be7 9. O-O h6 10. Nc3 d5 11. cxd5 Nxd5 12. Nxd5 Bxd5 13. Nxe5 Bxg2 14. Nxf7 Qxd1
15. Rxd1 Kxf7 16. Kxg2 Bf6 17. Rb1 Rhd8 18. Ba3 Nd4 19. e3 Nb5 20. Rxd8 Rxd8 21.
Bb2 Rd2 22. Bxf6 Kxf6 23. a4 Na3 24. Rc1 Rb2 25. Rc3 Nb1 26. Rd3 Nd2 27. Kg1
Nf3+ 28. Kg2 Ne1+ 0-1

[Event "ch-Africa Women 2025"]
[Site "Kerdasa EGY"]
[Date "2025.05.14"]
[Round "2.1"]
[White "Mohamed Zaki, Jana"]
[Black "Wafa, Shrook"]
[Result "0-1"]
[BlackTitle "WGM"]
[WhiteElo "1891"]
[BlackElo "2189"]
[WhiteFideId "10683089"]
[BlackFideId "10609970"]
[EventDate "2025.05.13"]

1. e4 c5 2. c3 Nf6 3. e5 Nd5 4. Nf3 d6 5. exd6 e6 6. g3 Bxd6 7. Bg2 O-O 8. O-O
Nc6 9. d4 cxd4 10. Nxd4 Nxd4 11. Qxd4 Qc7 12. c4 Nf6 13. Nc3 Bd7 14. Nb5 Bxb5
15. cxb5 Be5 16. Qb4 Rfd8 17. Be3 Nd5 18. Bxd5 Rxd5 19. b6 axb6 20. Bxb6 Qd7 21.
a4 h5 22. Rfe1 Bd4 23. Rec1 Bxb6 24. Qxb6 Ra6 25. Qc7 Rd1+ 26. Kg2 Qxc7 27. Rxd1
Qc6+ 28. Kg1 Rxa4 29. Ra2 Ra3 30. Rxa3 Qa4 0-1

[Event "ch-Africa Women 2025"]
[Site "Kerdasa EGY"]
[Date "2025.05.14"]
[Round "2.2"]
[White "Wafa, Shahenda"]
[Black "Ayemou, Mazan Emmanuela Esther"]
[Result "1-0"]
[WhiteTitle "WGM"]
[BlackTitle "WCM"]
[WhiteElo "2085"]
[BlackElo "1911"]
[WhiteFideId "10609962"]
[BlackFideId "20803036"]
[EventDate "2025.05.13"]

1. e4 c5 2. Nf3 d6 3. d4 cxd4 4. Nxd4 Nf6 5. Nc3 a6 6. Bg5 e6 7. f4 Be7 8. Qf3
Qc7 9. O-O-O Nbd7 10. g4 b5 11. Bxf6 Nxf6 12. g5 Nd7 13. f5 O-O 14. Rg1 b4 15.
Nce2 e5 16. Nb3 f6 17. gxf6 Nxf6 18. Ng3 a5 19. Kb1 a4 20. Nd2 Ba6 21. Bxa6 Rxa6
22. Qd3 Rc6 23. Ne2 Rd8 24. Rc1 d5 25. exd5 Nxd5 26. Qg3 Bf6 27. Ne4 a3 28. Rcd1
Rd7 29. Qb3 Qd8 30. c4 bxc3 31. N2xc3 Rb6 32. Nxf6+ Qxf6 33. Nxd5 Rxb3 34. Nxf6+ 1-0

[Event "ch-Africa Women 2025"]
[Site "Kerdasa EGY"]
[Date "2025.05.14"]
[Round "2.3"]
[White "Laubscher, Anzel"]
[Black "February, Jesse Nikki"]
[Result "0-1"]
[WhiteTitle "WIM"]
[BlackTitle "WIM"]
[WhiteElo "1844"]
[BlackElo "2052"]
[WhiteFideId "14300800"]
[BlackFideId "14312336"]
[EventDate "2025.05.13"]

1. Nf3 g6 2. g3 Bg7 3. Bg2 c5 4. d3 Nc6 5. O-O e6 6. e4 Nge7 7. Re1 d6 8. c3 e5
9. a4 O-O 10. Nbd2 h6 11. Nc4 Be6 12. Ne3 f5 13. exf5 gxf5 14. Nh4 f4 15. Nf1
Qd7 16. gxf4 exf4 17. Qe2 Rf6 18. Nd2 d5 19. Nb3 Qd6 20. Nd2 Raf8 21. Ndf3 Bg4
22. h3 Bh5 23. Qc2 Ng6 24. Qb3 Nxh4 25. Nxh4 f3 26. Bh1 Ne5 27. Qd1 Ng6 0-1

[Event "ch-Africa Women 2025"]
[Site "Kerdasa EGY"]
[Date "2025.05.14"]
[Round "2.4"]
[White "Nassr, Lina"]
[Black "Mongeli, Sasha"]
[Result "1-0"]
[WhiteTitle "WIM"]
[BlackTitle "WFM"]
[WhiteElo "2029"]
[BlackElo "1886"]
[WhiteFideId "7908075"]
[BlackFideId "10809090"]
[EventDate "2025.05.13"]

1. e3 Nf6 2. c4 g6 3. Nf3 Bg7 4. d4 d5 5. Nc3 O-O 6. Qb3 c6 7. Be2 b6 8. O-O Bb7
9. Bd2 Nbd7 10. cxd5 Nxd5 11. Rfd1 Rc8 12. Rac1 e6 13. e4 Nxc3 14. bxc3 c5 15.
Bg5 Qc7 16. e5 cxd4 17. cxd4 Qb8 18. Qa4 h6 19. Be3 Rfd8 20. Rxc8 Bxc8 21. Nd2
Bb7 22. Bb5 Nf8 23. Bf1 Bd5 24. Ba6 Bb7 25. Bxb7 Qxb7 26. Nc4 b5 27. Qb4 a6 28.
Nd6 Qd5 29. Qa5 Ra8 30. Rc1 Ra7 31. Nc8 Rd7 32. Nb6 Qb7 33. Nxd7 Nxd7 34. Qd8+
Nf8 35. h3 Qe4 36. Qb6 Qa8 37. Rc7 Qd8 38. Qb7 a5 39. Rxf7 Bh8 40. Bxh6 Nh7 41.
Rg7+ 1-0

[Event "ch-Africa Women 2025"]
[Site "Kerdasa EGY"]
[Date "2025.05.14"]
[Round "2.6"]
[White "Romany, Joy"]
[Black "Marochkina, Nadezhda Valerevna"]
[Result "1-0"]
[WhiteTitle "WIM"]
[BlackTitle "CM"]
[WhiteElo "1932"]
[BlackElo "1808"]
[WhiteFideId "10656820"]
[BlackFideId "19900490"]
[EventDate "2025.05.13"]

1. d4 d5 2. c4 c6 3. Nf3 dxc4 4. e3 Bg4 5. Bxc4 e6 6. O-O Nf6 7. Nc3 Bb4 8. Be2
O-O 9. Ne5 Bf5 10. Qb3 Qe7 11. Bf3 Ba5 12. Nc4 Bd8 13. e4 Bg6 14. Bg5 Qc7 15.
Rac1 Ng4 16. Bxg4 Bxg5 17. Rcd1 Nd7 18. Ne3 Qb6 19. Qxb6 Nxb6 20. f4 Bh6 21. Be2
Rad8 22. g4 f6 23. h4 e5 24. dxe5 Rxd1 25. Nexd1 fxe5 26. g5 exf4 27. gxh6 gxh6
28. Bg4 Nc4 29. Be6+ Bf7 30. Bxc4 Bxc4 31. Rf3 b5 32. b3 Be6 33. Nf2 h5 34. Nd3
Bg4 35. Rxf4 Re8 36. e5 c5 37. Ne4 Rd8 38. Ndxc5 Bh3 39. Kh2 Bc8 40. e6 1-0

[Event "ch-Africa Women 2025"]
[Site "Kerdasa EGY"]
[Date "2025.05.14"]
[Round "2.7"]
[White "Ampaire, Shakira"]
[Black "El Barbry, Sarah"]
[Result "0-1"]
[WhiteTitle "WCM"]
[WhiteElo "1784"]
[BlackElo "1841"]
[WhiteFideId "10002782"]
[BlackFideId "26051419"]
[EventDate "2025.05.13"]

1. e4 e6 2. d4 d5 3. Nc3 Bb4 4. exd5 exd5 5. Bd2 Nf6 6. Bb5+ c6 7. Qe2+ Be6 8.
Bd3 O-O 9. Nf3 Re8 10. O-O Bf5 11. Ne5 Bxd3 12. Qxd3 Nbd7 13. Rae1 Bd6 14. Qf5
Qc7 15. Bf4 Nf8 16. Re3 Ne6 17. Rg3 Nxf4 18. Qxf6 Nh5 19. Qf5 Nxg3 20. fxg3 Bxe5
21. dxe5 Rxe5 22. Qf4 Rae8 23. h4 f6 24. Kh2 Qb6 25. Nd1 Re1 26. b3 Rxf1 27.
Qxf1 Qa5 28. Qf5 Qxa2 29. Nf2 Qa3 30. h5 Qe7 31. Nd3 Qe6 32. Qf4 Qe2 33. Qf5
Qxc2 34. Qd7 Qe2 35. Nf4 Qe7 36. Qg4 h6 37. Ng6 Qe2 38. Qf5 d4 39. Nf4 Qe7 40.
Qd3 Rd8 41. Qc4+ Qf7 42. Qd3 c5 43. g4 a6 44. g3 b5 45. Ne2 c4 46. bxc4 bxc4 47.
Qa3 d3 48. Nc3 Qd7 49. Qxa6 Qxg4 50. Kg2 d2 51. Qa5 d1=Q 52. Nxd1 Qxd1 53. Qb5
Qd5+ 0-1

[Event "ch-Africa Women 2025"]
[Site "Kerdasa EGY"]
[Date "2025.05.14"]
[Round "2.8"]
[White "Abo Bkr Mohamed, Hamsa"]
[Black "Mahmoud Youssef, Noha"]
[Result "1/2-1/2"]
[WhiteElo "1482"]
[BlackElo "1772"]
[WhiteFideId "10646736"]
[BlackFideId "10688820"]
[EventDate "2025.05.13"]

1. e4 c5 2. Nf3 Nc6 3. d4 cxd4 4. Nxd4 Qb6 5. Nb5 Nf6 6. Be3 Qd8 7. N1c3 a6 8.
Nd4 d6 9. h3 Bd7 10. Bc4 Nxd4 11. Bxd4 Bc6 12. Bxf6 gxf6 13. Qh5 Kd7 14. Qxf7
Qe8 15. Be6+ Kc7 16. Nd5+ Bxd5 17. Bxd5 Qxf7 18. Bxf7 e5 19. Bd5 Rc8 20. c3 Kb6
21. O-O h5 22. Rfd1 h4 23. Rd3 Rc7 24. Rf3 Rh6 25. Rd1 1/2-1/2

[Event "ch-Africa Women 2025"]
[Site "Kerdasa EGY"]
[Date "2025.05.14"]
[Round "2.9"]
[White "Rakotoniaina, Tiana Johanna"]
[Black "Bushaala, Maryam Mohamed"]
[Result "1/2-1/2"]
[WhiteElo "1703"]
[BlackElo "1607"]
[WhiteFideId "13102630"]
[BlackFideId "9221247"]
[EventDate "2025.05.13"]

1. d4 Nf6 2. c4 e5 3. dxe5 Ng4 4. Nf3 Bc5 5. e3 Nc6 6. Be2 Ngxe5 7. O-O O-O 8.
Nc3 b6 9. a3 a5 10. Rb1 Be7 11. Nd5 Ba6 12. b3 Bf6 13. Nxf6+ Qxf6 14. Nxe5 Nxe5
15. Bb2 Qe7 16. Qd4 f6 17. Rfd1 d6 18. Kh1 Bb7 19. f4 Ng6 20. Bf3 Bxf3 21. gxf3
Nh4 22. f5 g5 23. fxg6 Nxg6 24. Rg1 Kh8 25. Rg3 Rae8 26. e4 Nf4 27. Qd2 Ng6 28.
Rbg1 Rg8 29. Qg5 Ref8 30. h4 Rg7 31. Qh6 Rfg8 32. Qh5 Ne5 33. Rxg7 Rxg7 34. Rxg7
Kxg7 35. Bc1 Qe6 36. Qh6+ Kg8 37. Kg2 Qe7 38. Qh5 Qg7+ 39. Kf1 Qg6 40. Qxg6+
hxg6 41. Ke2 Kf7 42. a4 Ke6 43. f4 Nd7 44. Be3 f5 45. Kf3 Nf6 46. e5 dxe5 47.
fxe5 Nd7 48. Bd4 Nxe5+ 49. Kf4 Nf7 50. Bc3 c6 51. Bd4 c5 52. Bc3 Nd6 53. Be5 Kd7
54. Bf6 Nf7 55. Bg7 Ke6 56. Bc3 Kd6 57. Bf6 1/2-1/2

[Event "ch-Africa Women 2025"]
[Site "Kerdasa EGY"]
[Date "2025.05.14"]
[Round "2.10"]
[White "Andhin, Chethanah"]
[Black "Fady, Heaven"]
[Result "0-1"]
[WhiteTitle "WCM"]
[WhiteElo "1585"]
[BlackElo "1685"]
[WhiteFideId "9700463"]
[BlackFideId "10691448"]
[EventDate "2025.05.13"]

1. d4 d5 2. c4 c6 3. Nc3 Nf6 4. Bf4 a6 5. e3 Bf5 6. h3 e6 7. Nf3 h6 8. Be2 Be7
9. O-O O-O 10. Re1 Nbd7 11. Bf1 Ne4 12. Nd2 Nxc3 13. bxc3 Qa5 14. cxd5 cxd5 15.
c4 Bb4 16. Nb3 Qa3 17. Qc1 dxc4 18. Bxc4 Rac8 19. Qxa3 Bxa3 20. e4 Rxc4 21. exf5
exf5 22. Re3 g5 23. Rg3 Kh7 24. Bd2 f4 25. Rd3 Nf6 26. Na5 Ra4 27. Nxb7 Bb2 28.
Nc5 Rxd4 29. Rxd4 Bxd4 30. Rc1 Bxc5 31. Rxc5 Rd8 32. Ba5 Ne4 33. Re5 Rd1+ 34.
Kh2 Nxf2 35. Re1 Rxe1 36. Bxe1 Nd3 37. Bc3 Kg6 38. Kg1 h5 39. Kf1 Kf5 40. a3 g4
41. hxg4+ hxg4 42. Ke2 Ke4 43. Ba5 f3+ 44. gxf3+ gxf3+ 45. Kf1 f5 46. Bb6 f2 47.
Ke2 f4 48. a4 f1=Q+ 49. Kxf1 Kf3 50. a5 Nc1 51. Bc5 Ne2 52. Bb6 Ng3+ 53. Kg1 Ke2
54. Bc7 Nh5 55. Bb6 f3 56. Bf2 Nf6 57. Bd4 Ne4 58. Kh2 f2 59. Bxf2 Kxf2 0-1

[Event "ch-Africa Women 2025"]
[Site "Kerdasa EGY"]
[Date "2025.05.14"]
[Round "3.1"]
[White "Wafa, Shrook"]
[Black "Nassr, Lina"]
[Result "1-0"]
[WhiteTitle "WGM"]
[BlackTitle "WIM"]
[WhiteElo "2189"]
[BlackElo "2029"]
[WhiteFideId "10609970"]
[BlackFideId "7908075"]
[EventDate "2025.05.13"]

1. d4 Nf6 2. Nf3 e6 3. Bf4 b6 4. e3 Bb7 5. Bd3 Nh5 6. Bg3 Nxg3 7. hxg3 c5 8. c3
g6 9. Nbd2 Nc6 10. Qc2 cxd4 11. exd4 d5 12. O-O-O a6 13. Kb1 Rc8 14. Ne5 Nxe5
15. dxe5 Bg7 16. f4 Qe7 17. Nf3 Rc7 18. Bxa6 O-O 19. Bd3 Ra8 20. Nd4 Ba6 21.
Bxa6 Rxa6 22. Qb3 Rc5 23. g4 h6 24. g3 Qd7 25. a3 Qa4 26. Qxa4 Rxa4 27. Rh2 Kf8
28. Kc2 Ke7 29. Kd3 Ra8 30. Re1 Rg8 31. Re3 Kd7 32. f5 gxf5 33. gxf5 Rcc8 34.
Rh4 Bf8 35. Rf3 Bc5 36. fxe6+ fxe6 37. Rxh6 Bxd4 38. cxd4 Rg7 39. Rhf6 Ke7 40.
Rh6 Rcg8 41. Rh3 Rc8 42. a4 Rc4 43. b3 Rc1 44. Kd2 Rg1 45. Kc3 Kd7 46. Rd3 Kc6
47. Kb4 Rg2 48. Rc3+ Kb7 49. Kb5 Rb2 50. Rh6 Re7 51. b4 Rb1 52. g4 Rd1 53. Rc6
Rxd4 54. Rxb6+ Ka7 55. Rhxe6 Rc7 56. g5 Rcc4 57. Ra6+ Kb7 58. Reb6+ Kc7 59. Rc6+
Kb7 60. Rab6+ Ka7 61. Rxc4 dxc4 62. Rc6 1-0

[Event "ch-Africa Women 2025"]
[Site "Kerdasa EGY"]
[Date "2025.05.14"]
[Round "3.3"]
[White "Bwalya Mulwale, Lubuuto"]
[Black "Romany, Joy"]
[Result "1/2-1/2"]
[WhiteTitle "WCM"]
[BlackTitle "WIM"]
[WhiteElo "1954"]
[BlackElo "1932"]
[WhiteFideId "8706964"]
[BlackFideId "10656820"]
[EventDate "2025.05.13"]

1. d4 Nf6 2. c4 e6 3. Nf3 Bb4+ 4. Nbd2 O-O 5. a3 Bxd2+ 6. Bxd2 b6 7. e3 Bb7 8.
Be2 d6 9. O-O Nbd7 10. b4 Ne4 11. Qc2 f5 12. Rfd1 Qe7 13. Be1 Rf6 14. d5 e5 15.
Bd3 Rh6 16. Bxe4 fxe4 17. Qxe4 Nf6 18. Qc2 Rf8 19. e4 Ng4 20. Rd3 Bc8 21. h3 Nf6
22. Nd2 Nh5 23. Nf1 Rg6 24. Rb1 Qg5 25. Ng3 Nf4 26. Bd2 h5 27. h4 Qxh4 28. Bxf4
exf4 29. Nf5 Qg5 30. f3 Bxf5 31. exf5 Qxf5 32. Rd2 Qg5 33. Re2 h4 34. Re6 Rff6
35. Rxf6 gxf6 36. Re1 h3 37. Re2 Kg7 38. Qe4 Kh7 39. Qe6 f5 40. Qe7+ Qxe7 41.
Rxe7+ Rg7 42. Rxg7+ Kxg7 43. gxh3 Kg6 44. b5 1/2-1/2